Bilecik Bilecik Bilecik Bilecik Bilecik

Tecvid ilmi : (Record no. 58324)

MARC details
000 -BAŞLIK
Sabit Uzunluktaki Kontrol Alanı 00992nam a22003137a 4500
001 - KONTROL NUMARASI
Control Dosyası 0058520
003 - KONTROL NUMARASI KİMLİĞİ
Kontrol Alanı KOHA_MİRAKIL
005 - EN SON İŞLEM TARİHİ ve ZAMANI
Kontrol Alanı 20260207004156.0
007 - FİZİKSEL TANIM SABİT ALAN - GENEL BİLGİ
Sabit uzunluklu kontrol alanı ta
008 - SABİT UZUNLUKTAKİ VERİ ÖGELERİ - GENEL BİLGİ
Sabit Alan 160617b1963 tu |||gr||||#||||0|tur |
040 ## - KATALOGLAMA KAYNAĞI
Özgün Kataloglama Kurumu TR-BiSEU
Kataloglama Dili tur
Çeviri Kurumu TR-BiSEU
Açıklama Kuralları rda
041 0# - DİL KODU
Metin ya da ses kaydının dil kodu tur
-- ara
044 ## - YAYINLAYAN/ÜRETEN KURULUŞUN ÜLKE KODU
ISO country code tu
050 ## - SINIFLAMA ve YER NUMARASI
Sınıflama Numarası BP134.T4
Yer Numarası K37 1963
100 1# - KİŞİ ADI
Yazar Adı (Kişi adı) Karakılıç, Celaleddin.
245 1# - ESER ADI BİLDİRİMİ
Başlık Tecvid ilmi :
Alt Eseradı vb. Kur'an-ı Kerim okuma kaideleri/
Sorumluluk Bildirimi Celaleddin Karakılıç ; Celaleddin Karakılıç.
250 ## - BASIM BİLDİRİMİ
Basım Bildirimi Altıncı basım
264 #1 - ÜRERİM, YAYIN, DAĞITIM ve TELİF BİLDİRİMİ
Yayın yeri Ankara :
Yayınlayan İslam Neşriyat
Yayın tarihi 1963
300 ## - FİZİKSEL TANIMLAMA
Sayfa, Cilt vb. 204 sayfa; 24 cm.
336 ## - İÇERİK TÜRÜ
Content type term metin
Content type code txt
Source rdacontent
337 ## - MEDYA TÜRÜ
Media type term aracısız
Media type code n
Source rdamedia
338 ## - TAŞIYICI TÜRÜ
Carrier type term cilt
Carrier type code nc
Source rdacarrier
490 0# - DİZİ BİLDİRİMİ
Dizi Bildirimi Büyük dini eserler serisi No:1
500 ## - GENEL NOT
Genel Not Kaynakça var.
650 #0 - KONU BAŞLIĞI EK GİRİŞ - KONU TERİMİ
Konusal terim veya coğrafi ad Kur'an--Eleştiri, yorum, vb.
9 (RLIN) 103607
650 #0 - KONU BAŞLIĞI EK GİRİŞ - KONU TERİMİ
Konusal terim veya coğrafi ad Koran--Criticism, interpretation
9 (RLIN) 54980
830 0# - SERİ EK GİRİŞİ - TEKBİÇİM ESER ADI
Tekbiçim Başlık Büyük dini eserler serisi No:1
9 (RLIN) 108284
942 ## - EK GİRİŞ ÖGELERİ (KOHA)
Source of classification or shelving scheme Library of Congress Classification
Koha item type Book
Holdings
Materyal Türü Kalıcı Konum Mevcut Konum Raf Yeri Sınıflandırma Kaynağı Edinim Bilgisi Ana Konular Alt Konular Yer Numarası Demirbaş Numarası Fatura Tarihi Geri Çekilme Durumu Kayıp Durumu Hasarlı Durumu Kredi için değil Kayıt Tarih Toplam Ödünçverme Son Görülme Tarihi Son Kontrol Tarihi Genel / Bağış Notu
Book Prof. Dr. Azmi Özcan Kütüphanesi Prof. Dr. Azmi Özcan Kütüphanesi Uluğbey Salonu Library of Congress Classification Bağış FELSEFE, PSİKOLOJİ, DİN İslam, Bahailik, Teozofi vb. BP134.T4 K37 1963 0058520 02/02/2026         17/06/2016   05/12/2024 05/12/2024 Ankara Üniversitesi İlahiyat Fakültesi